000 00282nam a22001337a 4500
008 170530b xxu||||| |||| 00| 0 eng d
020 _a9780393045703
041 _aeng
080 _a94(100)
100 _a17
101 _aSHH
245 _aPLEASURE WARS
_cGAY,P
942 _2udc
_cBK
999 _c15064
_d15064